000 00421nam a2200181Ia 4500
001 3032
005 20260306144850.0
008 260306t1997||||xx |||||||||||||| ||spa||
041 _aESP
082 _a243
_bU87
100 _aUrteaga Loidi, Jesus
_eAUT
245 0 _aEl valor divino de lo humano
260 _c1997
300 _a259 páginas :
_c19 cm.
650 _aGEN
654 _aCHU
942 _cLIB
_dJUS
_fJUS
_2ddc
_n
999 _c3032
_d3032